00746cam a2200193Ki 450000500170000000800410001702000180005802000180007604000500009404100080014410000170015224501070016926000410027630000430031750400530036065000320041365000510044565000560049620140923123131.0140923s2014 enkd frb 001 0 eng d a9780745653143 a9780745653150 aCO-BoUCMbspacJose A. GerenadJose A. Gerena0 aeng1 aBuzan, Barry13aAn introduction to the English school of international relations bthe societal approach cBarry Buzan aCambridge (Inglaterra)bPolityc2014 aix, 230 páginasbcuadros, gráficas aIncluye referencias bibliográficas e índices 7aRelaciones internacionales  7aRelaciones internacionales xAspectos sociales 7aRelaciones internacionales xAspectos filosóficos